Trofej neznámého strelca /

Hlavní autor: Teren, Štefan, 1912-2003
Jazyk: Slovenština
Vydáno: Bratislava : Príroda, 1977
Vydání: 1. vyd.
Edice: Trofeje
Fyzický popis: 151 s. ; 8°
Knihy
Uloženo v:
LEADER 00670nam a22002292a 4500
001 001187064
003 CZ BrMZK
005 20120625101323.0
007 ta
008 111218s1977 xo er|||||||||||slo d
040 |a ABA001  |b cze  |c ABA001  |d ABA001  |d BOA001 
100 1 |a Teren, Štefan,  |d 1912-2003  |7 xx0062071  |4 aut 
245 1 0 |a Trofej neznámého strelca /  |c Štefan Teren 
250 |a 1. vyd. 
260 |a Bratislava :  |b Príroda,  |c 1977 
300 |a 151 s. ;  |c 8° 
490 1 |a Trofeje 
830 0 |a Trofeje 
910 |a BOA001  |b 2-0780.936 
990 |a BK 
991 |b 201112 
996 7 |b 2619487629  |c 2-0780.936  |l MZK  |r Sklad / do 1 hodiny  |n 0  |w 001220460  |u 000010  |a 1  |e BOA001  |j MZK50  |s A